| 000 | 00452pab a2200169 454500 | ||
|---|---|---|---|
| 008 | 180718b1995 xxu||||| |||| 00| 0 eng d | ||
| 100 | _aRao, K. Venugopal | ||
| 245 | _aPlight of woollen carpet weavers - a case study | ||
| 260 | _c1995 | ||
| 300 | _ap.33-35 | ||
| 362 | _aSep | ||
| 650 | _aWool industry - India - Andhra Pradesh | ||
| 650 | _aIndustrial development | ||
| 700 | _aRao, C.H. Ramaprasada | ||
| 773 | _aKurukshetra | ||
| 909 | _a31538 | ||
| 999 |
_c31538 _d31538 |
||